[Event "chess.com IoM Masters"]
[Site "Douglas ENG"]
[Date "2016.10.04"]
[Round "4.32"]
[White "Khmelniker, Ilya"]
[Black "Peek, Marcel"]
[Result "1-0"]
[WhiteTitle "GM"]
[BlackTitle "IM"]
[WhiteElo "2493"]
[BlackElo "2319"]
[WhiteFideId "2805340"]
[BlackFideId "1000462"]
[EventDate "2016.10.01"]

1. c4 e5 2. Nc3 Bb4 3. Nd5 Bc5 4. Nf3 e4 5. d4 Be7 6. Nd2 f5 7. Nb1 d6 8. Nbc3
Nf6 9. Nxe7 Qxe7 10. Bg5 Nbd7 11. Nd5 Qd8 12. Nf4 Qe7 13. e3 Qf7 14. h4 h6 15.
Bxf6 Nxf6 16. h5 O-O 17. Be2 c6 18. Qb3 Be6 19. Rc1 Rfc8 20. O-O Qe7 21. Rc3 Bf7
22. Rfc1 c5 23. Qd1 Rc7 24. g3 b6 25. Kg2 Nh7 26. dxc5 Rxc5 27. Qd4 Nf6 28. b4
Rc7 29. Rd1 Rd7 30. Rd2 Rdd8 31. Rc1 Qe8 32. Rb2 Rac8 33. Qd1 Qe5 34. Rd2 Rd7
35. Rd4 a5 36. a3 Rcc7 37. Qd2 axb4 38. Qxb4 Qc5 39. Rcd1 Ne8 40. Nd5 Bxd5 41.
Rxd5 Qxb4 42. axb4 Nf6 43. Rxf5 Ra7 44. Rd2 Ra4 45. Rb5 Ra6 46. g4 Kf8 47. Kg3
Ke7 48. g5 hxg5 49. Rxg5 Kf7 50. c5 Raa7 51. cxd6 1-0

[Event "chess.com IoM Masters"]
[Site "Douglas ENG"]
[Date "2016.10.04"]
[Round "4.33"]
[White "Gagare, Shardul"]
[Black "Karthik, Venkataraman"]
[Result "0-1"]
[WhiteTitle "GM"]
[BlackTitle "FM"]
[WhiteElo "2480"]
[BlackElo "2317"]
[WhiteFideId "5037883"]
[BlackFideId "25006479"]
[EventDate "2016.10.01"]

1. c4 Nf6 2. Nc3 c5 3. g3 e6 4. Nf3 b6 5. Bg2 Bb7 6. O-O Be7 7. d4 cxd4 8. Qxd4
d6 9. Rd1 a6 10. b3 Nbd7 11. e4 O-O 12. Qe3 Qc7 13. Bb2 Rfe8 14. h3 Rac8 15. Nd4
Bf8 16. Re1 Qb8 17. Rad1 Nc5 18. Qe2 Qa8 19. b4 Ncd7 20. f4 e5 21. Nf5 Qb8 22.
Qd3 d5 23. Nxd5 Bxd5 24. cxd5 g6 25. Nh4 Bxb4 26. Rf1 Bd6 27. Nf3 exf4 28. Bxf6
Nxf6 29. Nd4 Nh5 30. Nc6 Qc7 31. e5 Bxe5 32. d6 Qd7 33. Qd5 Bf6 34. gxf4 Ng3 35.
Rfe1 Ne2+ 36. Rxe2 Rxe2 37. Ne5 Bxe5 38. fxe5 Rcc2 39. Bf1 Re3 40. Rd3 Qf5 41.
Rd2 Re1 0-1

[Event "chess.com IoM Masters"]
[Site "Douglas ENG"]
[Date "2016.10.04"]
[Round "4.34"]
[White "L'Ami, Alina"]
[Black "Ushenina, Anna"]
[Result "1/2-1/2"]
[WhiteTitle "IM"]
[BlackTitle "GM"]
[WhiteElo "2322"]
[BlackElo "2459"]
[WhiteFideId "1210246"]
[BlackFideId "14110911"]
[EventDate "2016.10.01"]

1. d4 d5 2. c4 c6 3. Nf3 Nf6 4. Nc3 e6 5. Bg5 Nbd7 6. e3 Qa5 7. cxd5 Nxd5 8. Qd2
Bb4 9. Rc1 h6 10. Bh4 b6 11. Bd3 Ba6 12. O-O O-O 13. e4 Nxc3 14. bxc3 Ba3 15.
Rcd1 Rfe8 16. Bg3 Rad8 17. Rfe1 Bxd3 18. Qxd3 Bf8 19. Qc2 b5 20. c4 bxc4 21.
Qxc4 c5 22. dxc5 Nxc5 23. Ne5 Rd2 24. Rxd2 Qxd2 25. Nf3 Qa5 26. Be5 Rd8 27. Bc3
Qa4 28. Qxa4 Nxa4 29. Bd4 Bc5 30. Bxc5 Nxc5 31. g3 Rd3 32. Kg2 Ra3 33. Re2 Ra4
34. e5 Nd3 35. Re3 Nb4 36. a3 Nd5 37. Rd3 g5 38. h3 Kg7 39. Nd4 a6 40. Nf5+ exf5
41. Rxd5 Rxa3 42. Rd7 Kf8 43. Rd6 Kg7 44. Rd7 1/2-1/2

[Event "chess.com IoM Masters"]
[Site "Douglas ENG"]
[Date "2016.10.04"]
[Round "4.35"]
[White "Zozulia, Anna"]
[Black "Kiewra, Keaton F"]
[Result "1/2-1/2"]
[WhiteTitle "IM"]
[BlackTitle "IM"]
[WhiteElo "2303"]
[BlackElo "2454"]
[WhiteFideId "14102110"]
[BlackFideId "2019280"]
[EventDate "2016.10.01"]

1. e4 c5 2. Nf3 g6 3. d4 cxd4 4. Nxd4 Nf6 5. Nc3 d6 6. Be2 Bg7 7. O-O Nc6 8. Be3
O-O 9. Qd2 Nxd4 10. Bxd4 Be6 11. Rad1 Qc7 12. Qe3 Qa5 13. e5 dxe5 14. Qxe5 Qxe5
15. Bxe5 Ne8 16. Bxg7 Kxg7 17. Nd5 Rc8 18. c3 Rc5 19. Bf3 Nf6 20. Nxf6 Kxf6 21.
Rd2 b5 22. Rfd1 Rfc8 23. h4 Rc4 24. g3 b4 25. cxb4 Rxb4 26. b3 a5 27. Bd5 Bg4
28. f3 Be6 29. Bxe6 Kxe6 30. Kg2 a4 31. bxa4 Rxa4 32. Rb1 Kf6 33. Rb6+ e6 34.
Rb7 Rc1 35. Rbb2 Rc7 36. Rb3 Rca7 37. Rbb2 Ra3 38. Kf2 R7a5 39. Kg2 h5 40. Rbc2
Kf5 41. Rb2 e5 42. Re2 Rd5 43. Rbd2 Rda5 44. Rb2 f6 45. Kf2 Rd5 46. Re3 Ra4 47.
Re1 Rda5 48. Ree2 g5 49. hxg5 fxg5 50. Rbc2 Ra3 51. Rb2 Rc3 52. Rb8 Raa3 53.
Rf8+ Ke6 54. f4 Rf3+ 1/2-1/2

[Event "chess.com IoM Masters"]
[Site "Douglas ENG"]
[Date "2016.10.04"]
[Round "4.36"]
[White "Arnold, Max"]
[Black "Sundararajan, Kidambi"]
[Result "0-1"]
[BlackTitle "GM"]
[WhiteElo "2202"]
[BlackElo "2429"]
[WhiteFideId "24682810"]
[BlackFideId "5005370"]
[EventDate "2016.10.01"]

1. e4 e6 2. d3 d5 3. Qe2 Nf6 4. Nf3 Be7 5. g3 a5 6. Bg2 O-O 7. O-O a4 8. Re1 Nc6
9. a3 dxe4 10. dxe4 e5 11. Rd1 Qe8 12. h3 b6 13. Nc3 Bc5 14. Bg5 Qe6 15. Bxf6
Qxf6 16. Nd5 Qg6 17. Kh2 Ra7 18. c3 Qh5 19. Rd2 Na5 20. Re1 c6 21. Nb4 f6 22.
Nh4 Qxe2 23. Rexe2 Be6 24. Kg1 Raa8 25. Nd3 Bc4 26. Nxc5 Bxe2 27. Ne6 Rf7 28.
Rxe2 Re7 29. Nd4 exd4 30. cxd4 Rd8 31. Nf5 Ree8 32. e5 g6 33. Nh6+ Kg7 34. Ng4
Rxd4 35. Nxf6 Red8 36. Ne4 Rd1+ 37. Kh2 Nc4 38. f4 Rb1 39. Rc2 b5 40. Nc5 Rd2
41. Rxd2 Nxd2 42. Nd3 Nf1+ 43. Kg1 Ne3+ 44. Kf2 Nxg2 0-1

[Event "chess.com IoM Masters"]
[Site "Douglas ENG"]
[Date "2016.10.04"]
[Round "4.37"]
[White "Daulyte, Deimante"]
[Black "Osmanodja, Filiz"]
[Result "1-0"]
[WhiteTitle "IM"]
[BlackTitle "WIM"]
[WhiteElo "2429"]
[BlackElo "2299"]
[WhiteFideId "12802859"]
[BlackFideId "24633569"]
[EventDate "2016.10.01"]

1. e4 c5 2. Nf3 d6 3. Bb5+ Nd7 4. c3 a6 5. Ba4 Nf6 6. Bc2 e5 7. O-O Be7 8. d4
O-O 9. a4 Re8 10. a5 Qc7 11. Nbd2 cxd4 12. cxd4 b5 13. d5 Nf8 14. h3 Nh5 15. Kh2
Nf4 16. Ng1 Qd7 17. Ndf3 g5 18. Ne1 N8g6 19. Ra3 Kg7 20. b4 h5 21. Rc3 Rh8 22.
Be3 Bd8 23. Bb6 g4 24. g3 Nxh3 25. Nxh3 gxh3 26. f4 exf4 27. Bd4+ f6 28. gxf4
Qg4 29. Qd2 Kf7 30. e5 h4 31. e6+ Ke7 32. Bxf6+ Kxf6 33. Qd4+ Ne5 34. fxe5+ Kg5
35. Rg1 1-0

[Event "chess.com IoM Masters"]
[Site "Douglas ENG"]
[Date "2016.10.04"]
[Round "4.38"]
[White "Alvarado Diaz, Alejandro"]
[Black "Gungl, Theo"]
[Result "1-0"]
[WhiteTitle "IM"]
[BlackTitle "FM"]
[WhiteElo "2425"]
[BlackElo "2257"]
[WhiteFideId "2276119"]
[BlackFideId "24695653"]
[EventDate "2016.10.01"]

1. d4 d5 2. c4 c6 3. e3 Nf6 4. Nc3 e6 5. Bd2 Nbd7 6. Rc1 Bd6 7. c5 Bc7 8. f4 Ne4
9. Nxe4 dxe4 10. Nh3 f5 11. Bc4 Nf6 12. b4 Bd7 13. Qe2 Qe7 14. a4 h6 15. O-O g5
16. Be1 Qg7 17. b5 Ke7 18. Bg3 Ng4 19. Qe1 gxf4 20. Nxf4 Rhg8 21. Rc2 Rac8 22.
Bh4+ Ke8 23. h3 Bxf4 24. hxg4 Bg5 25. gxf5 exf5 26. Bxg8 Qxg8 27. Qg3 Qg6 28.
bxc6 Rxc6 29. Bxg5 Qxg5 30. Qe5+ Kd8 31. Re1 Ra6 32. Qb8+ Bc8 33. d5 Qg7 34. c6 1-0

[Event "chess.com IoM Masters"]
[Site "Douglas ENG"]
[Date "2016.10.04"]
[Round "4.39"]
[White "Grant, Jonathan I M"]
[Black "Gaponenko, Inna"]
[Result "0-1"]
[BlackTitle "IM"]
[WhiteElo "2223"]
[BlackElo "2421"]
[WhiteFideId "2400294"]
[BlackFideId "14101181"]
[EventDate "2016.10.01"]

1. c4 Nf6 2. Nc3 e5 3. g3 d5 4. cxd5 Nxd5 5. Bg2 Nb6 6. e3 Nc6 7. Nge2 h5 8. d4
h4 9. O-O hxg3 10. fxg3 Bh3 11. Qb3 Qd7 12. Bxh3 Rxh3 13. Ne4 Rh8 14. Bd2 exd4
15. exd4 Nxd4 16. Nxd4 Qxd4+ 17. Be3 Qc4 18. Bxb6 Qxb3 19. axb3 cxb6 20. Rac1
Be7 21. Rc7 Rh6 22. Rxb7 Re6 23. Nc3 Rd8 24. Rf5 Rd2 25. Rb8+ Kd7 26. Kf1 Rxb2
27. Rxf7 Rf6+ 28. Rxf6 Bxf6 29. Na4 Rb1+ 30. Ke2 Kc7 31. Rf8 Rxb3 32. Rf7+ Kb8
33. Kd2 Rf3 34. Kc2 b5 35. Rf8+ Kc7 36. Rf7+ Kd6 37. Rxa7 bxa4 38. Rxa4 Rf2+ 39.
Kd3 Rxh2 40. Ke4 Rf2 41. Ra6+ Ke7 42. Ke3 Rf1 43. Ke4 Kf7 44. Ra5 Be7 45. Ra6
Rf6 46. Ra7 Ke6 47. Ra6+ Bd6 48. Ke3 Kd5 0-1

[Event "chess.com IoM Masters"]
[Site "Douglas ENG"]
[Date "2016.10.04"]
[Round "4.40"]
[White "Karavade, Eesha"]
[Black "Lorscheid, Gerhard"]
[Result "1-0"]
[WhiteTitle "IM"]
[BlackTitle "FM"]
[WhiteElo "2421"]
[BlackElo "2238"]
[WhiteFideId "5012600"]
[BlackFideId "4606000"]
[EventDate "2016.10.01"]

1. e4 d6 2. d4 Nf6 3. Nc3 g6 4. f4 Bg7 5. Nf3 O-O 6. e5 Nfd7 7. Bc4 Nb6 8. Bb3
Nc6 9. a4 Na5 10. Ba2 c5 11. dxc5 dxc5 12. Qe2 c4 13. O-O Bg4 14. h3 Bxf3 15.
Qxf3 Qc8 16. Be3 Rd8 17. Rad1 Qc6 18. Qxc6 bxc6 19. Rxd8+ Rxd8 20. Rd1 Rxd1+ 21.
Nxd1 g5 22. Bd2 Nb7 23. a5 Nd5 24. fxg5 Bxe5 25. Bxc4 Nd6 26. Bd3 Nf4 27. Bf1
Bd4+ 28. Be3 Ne6 29. Bxd4 Nxd4 30. Ne3 Kg7 31. b4 Ne4 32. h4 Nc3 33. Bc4 f6 34.
gxf6+ Kxf6 35. Kf2 Ke5 36. Bd3 Ne4+ 37. Ke1 Kf4 38. Nd1 Nf6 39. c4 e5 40. b5
cxb5 41. cxb5 Kg3 42. Ne3 e4 43. Bc4 Kxh4 44. Kd2 Kg5 45. Kc3 Nf5 46. Nxf5 Kxf5
47. Bf7 e3 48. Kd3 Ng4 49. Ke2 Ne5 50. Bd5 Nd7 51. Kxe3 Ke5 52. Be4 h6 53. Bf3
Nc5 54. b6 axb6 55. axb6 Nd7 56. b7 Nb8 57. Kd3 Nd7 58. Bc6 Nb8 59. Be4 Na6 60.
Ke3 Nb8 61. Kf3 Nd7 62. Bc2 Nb8 63. Kg4 Kf6 64. Kf4 Na6 65. Bb3 Nb8 66. Ke4 Ke7
67. Kf5 1-0

[Event "chess.com IoM Masters"]
[Site "Douglas ENG"]
[Date "2016.10.04"]
[Round "4.41"]
[White "Zumsande, Martin"]
[Black "Wallace, Paul"]
[Result "1-0"]
[WhiteTitle "IM"]
[WhiteElo "2490"]
[BlackElo "2210"]
[WhiteFideId "4651324"]
[BlackFideId "2500892"]
[EventDate "2016.10.01"]

1. e4 e5 2. Nf3 Nc6 3. d4 exd4 4. Nxd4 Bc5 5. Nxc6 bxc6 6. Bd3 Qh4 7. Qf3 Nf6 8.
Bf4 d5 9. exd5 Nxd5 10. Qe4+ Qe7 11. O-O Qxe4 12. Bxe4 Ba6 13. Re1 O-O-O 14. Bg3
Rhe8 15. Nd2 Ne7 16. Nb3 Bd6 17. Bf3 Bc4 18. Rad1 Bd5 19. Be2 Nf5 20. Ba6+ Kb8
21. c4 Be6 22. Na5 Bd7 23. Rxe8 Rxe8 24. c5 Bxg3 25. hxg3 Be6 26. Nxc6+ Ka8 27.
Nb4 Ne7 28. c6 Kb8 29. Bb7 Bc4 30. b3 a5 31. bxc4 axb4 32. Re1 Nxc6 33. Rxe8+
Kxb7 34. Kf1 Na5 35. Ke2 c5 36. Kd3 Nc6 37. Ke4 1-0

[Event "chess.com IoM Masters"]
[Site "Douglas ENG"]
[Date "2016.10.04"]
[Round "4.42"]
[White "Balint, Vilmos"]
[Black "Bellaiche, Anthony"]
[Result "1-0"]
[BlackTitle "IM"]
[WhiteElo "2334"]
[BlackElo "2494"]
[WhiteFideId "718050"]
[BlackFideId "615668"]
[EventDate "2016.10.01"]

1. Nf3 d5 2. d4 Nf6 3. Bf4 c5 4. c3 e6 5. Nbd2 Nc6 6. e3 Qb6 7. Qb3 Be7 8. h3
O-O 9. Ne5 Na5 10. Qc2 Bd7 11. dxc5 Qd8 12. b4 Nc6 13. Bd3 Nxe5 14. Bxe5 b6 15.
cxb6 Qxb6 16. O-O Bb5 17. a4 Bxd3 18. Qxd3 a5 19. Rfb1 Rfc8 20. Bd4 Qb8 21. Rb3
Nd7 22. e4 dxe4 23. Nxe4 axb4 24. cxb4 Rxa4 25. Rab1 Rd8 26. Qc2 Bf8 27. Ng5 g6
28. Nxf7 Rc8 29. Rc3 Rxc3 30. Qxa4 Nc5 31. Qa2 Rb3 32. Rxb3 Nxb3 33. Qxb3 Kxf7
34. b5 Qd8 35. Be3 Qd5 36. Qxd5 exd5 37. b6 Bd6 38. b7 d4 39. Bxd4 Bb8 40. f4 1-0

[Event "chess.com IoM Masters"]
[Site "Douglas ENG"]
[Date "2016.10.04"]
[Round "4.43"]
[White "Parnali, S Dharia"]
[Black "Gill, Neville B K"]
[Result "1-0"]
[WhiteTitle "WIM"]
[WhiteElo "2228"]
[BlackElo "2102"]
[WhiteFideId "5043131"]
[BlackFideId "404012"]
[EventDate "2016.10.01"]

1. d4 d5 2. c4 e6 3. Nf3 Nf6 4. g3 dxc4 5. Bg2 a6 6. Ne5 c5 7. Be3 Nd5 8. O-O b5
9. dxc5 Bb7 10. Nc3 Be7 11. Nxd5 Bxd5 12. Bxd5 exd5 13. c6 Qd6 14. Bf4 Qc5 15.
b4 Qxb4 16. Qxd5 O-O 17. c7 1-0

[Event "chess.com IoM Masters"]
[Site "Douglas ENG"]
[Date "2016.10.04"]
[Round "4.44"]
[White "Visakh, N R"]
[Black "Allen, Keith"]
[Result "1/2-1/2"]
[WhiteTitle "IM"]
[WhiteElo "2456"]
[BlackElo "2236"]
[WhiteFideId "25012223"]
[BlackFideId "2501147"]
[EventDate "2016.10.01"]

1. d4 d5 2. c4 c6 3. Nf3 Nf6 4. e3 Bf5 5. Bd3 Bg6 6. O-O e6 7. Nc3 Nbd7 8. Qc2
Bb4 9. Bd2 a5 10. cxd5 Bxd3 11. Qxd3 exd5 12. a3 Be7 13. Ne2 Ne4 14. Bc3 O-O 15.
Nd2 f5 16. f3 Nxd2 17. Bxd2 Bd6 18. e4 dxe4 19. fxe4 fxe4 20. Qxe4 Qe8 21. Rxf8+
Nxf8 22. Qd3 Qg6 23. Qc4+ Qe6 24. Qxe6+ Nxe6 25. Rc1 Kf7 26. Kf2 Ke7 27. Ke3 Nc7
28. Kd3 Nd5 29. g3 Rf8 30. Bxa5 Rf3+ 31. Kd2 Rf2 32. Rh1 b6 33. Bc3 Bxa3 34. Ke1
Rf3 35. Ng1 Rf8 36. Ne2 Bd6 37. Rf1 Ra8 38. Kd2 b5 39. Kd3 Ke6 40. Bd2 Rf8 41.
Rxf8 Bxf8 42. Bf4 Kf5 43. h3 h5 44. Be5 g5 45. g4+ hxg4 46. Ng3+ Ke6 47. hxg4 c5
48. b3 c4+ 49. bxc4 bxc4+ 1/2-1/2

[Event "chess.com IoM Masters"]
[Site "Douglas ENG"]
[Date "2016.10.04"]
[Round "4.45"]
[White "Player, Edmund C"]
[Black "Basso, Pier Luigi"]
[Result "0-1"]
[BlackTitle "IM"]
[WhiteElo "2227"]
[BlackElo "2428"]
[WhiteFideId "406520"]
[BlackFideId "866970"]
[EventDate "2016.10.01"]

1. e4 c6 2. d4 d5 3. Nc3 dxe4 4. Nxe4 Bf5 5. Ng3 Bg6 6. h4 h6 7. Nf3 e6 8. Ne5
Bh7 9. c3 Nd7 10. Bd3 Bxd3 11. Nxd3 Ngf6 12. Be3 Bd6 13. f4 Qa5 14. Qe2 O-O-O
15. Ne5 Rhf8 16. O-O Qc7 17. Rf3 Nd5 18. Ne4 Be7 19. Bf2 f5 20. Nd2 Nxe5 21.
dxe5 g5 22. fxg5 hxg5 23. hxg5 Bxg5 24. Nc4 Kb8 25. Bc5 Be7 26. Bd6 Bxd6 27.
exd6 Qg7 28. Rd1 Rh8 29. Qxe6 Rdg8 30. Rd2 Qh7 31. Qe2 Qh1+ 0-1

[Event "chess.com IoM Masters"]
[Site "Douglas ENG"]
[Date "2016.10.04"]
[Round "4.46"]
[White "Lyell, Mark"]
[Black "Brunello, Marina"]
[Result "1/2-1/2"]
[WhiteTitle "FM"]
[BlackTitle "FM"]
[WhiteElo "2190"]
[BlackElo "2382"]
[WhiteFideId "402354"]
[BlackFideId "822590"]
[EventDate "2016.10.01"]

1. e4 c5 2. c3 Nf6 3. e5 Nd5 4. Nf3 Nc6 5. Bc4 Nb6 6. Bb3 d5 7. exd6 Qxd6 8. Na3
a6 9. d4 cxd4 10. cxd4 Be6 11. O-O g6 12. d5 Nxd5 13. Nc4 Qd8 14. Ng5 Bg7 15.
Nxe6 fxe6 16. Qg4 Qc8 17. Be3 b5 18. Nb6 Ne5 19. Qe4 Nxb6 20. Bxb6 O-O 21. a4
Nc4 22. axb5 axb5 23. Rxa8 Qxa8 24. Qxe6+ Kh8 25. Bxc4 bxc4 26. Qxc4 Bxb2 27.
Bd4+ Bxd4 28. Qxd4+ Kg8 29. Re1 Qc6 30. h4 Qf6 31. Qc4+ Kg7 32. Re2 h5 33. g3
Rf7 34. Qc5 Kf8 35. Re5 Kg7 36. Qe3 Kg8 37. Re6 Qf5 38. Rxe7 Rxe7 39. Qxe7 Qf3
40. Qe3 Qd1+ 41. Kg2 Qc2 42. g4 hxg4 43. Qe6+ Kh8 44. Qxg4 Qc6+ 45. Kg3 Qc3+ 46.
Qf3 Qe5+ 47. Qf4 Qc3+ 48. Kg2 Qc2 49. Kg3 Qc3+ 50. Kg2 Qc2 51. Qf6+ Kh7 52. Qe7+
Kh6 53. Qe5 Kh7 54. h5 gxh5 55. Qxh5+ Kg7 56. Kg3 Qc7+ 57. f4 Qc3+ 58. Kg4 Qc8+
59. Kh4 Qh8 60. Qxh8+ Kxh8 61. Kg4 Kg8 1/2-1/2

[Event "chess.com IoM Masters"]
[Site "Douglas ENG"]
[Date "2016.10.04"]
[Round "4.47"]
[White "Laustsen, Lars"]
[Black "Tate, Alan"]
[Result "1/2-1/2"]
[BlackTitle "FM"]
[WhiteElo "2151"]
[BlackElo "2376"]
[WhiteFideId "1407554"]
[BlackFideId "2401878"]
[EventDate "2016.10.01"]

1. d4 d5 2. c4 c6 3. Nf3 Nf6 4. e3 Bg4 5. Nc3 e6 6. h3 Bh5 7. g4 Bg6 8. Ne5 Nbd7
9. Nxg6 hxg6 10. Bg2 dxc4 11. Qe2 Nb6 12. Bd2 Nfd5 13. a3 g5 14. Ne4 Be7 15. Ba5
Qb8 16. Nd2 e5 17. Nxc4 exd4 18. Bxb6 Nxb6 19. Nxb6 axb6 20. exd4 O-O 21. O-O
Bf6 22. d5 c5 23. Rab1 Qd6 24. Rfe1 Ra4 25. Qd3 Rd4 26. Qc2 g6 27. Re2 Kg7 28.
Rd1 Rf4 29. Rd3 Rh8 30. Re4 Rxe4 31. Bxe4 Qf4 32. Bg2 Bd4 33. Rf3 Qe5 34. Rb3
Qe1+ 35. Bf1 c4 36. Rf3 b5 37. Kg2 Rd8 38. a4 bxa4 39. Bxc4 Qb4 40. d6 Rd7 41.
Rxf7+ Rxf7 42. Bxf7 Qxd6 43. Be8 b5 44. Kf1 Qb6 45. Qc6 Qxc6 46. Bxc6 Bxb2 47.
Bxb5 a3 48. Bc4 Kf6 49. Ke2 Ke5 50. Kd3 Bd4 51. Kc2 Bxf2 52. Kb3 Bc5 53. Ka2 1/2-1/2

[Event "chess.com IoM Masters"]
[Site "Douglas ENG"]
[Date "2016.10.04"]
[Round "4.48"]
[White "Scott, Luke"]
[Black "Kavutskiy, Konstantin"]
[Result "0-1"]
[BlackTitle "FM"]
[WhiteElo "2018"]
[BlackElo "2332"]
[WhiteFideId "2507986"]
[BlackFideId "2026384"]
[EventDate "2016.10.01"]

1. d4 Nf6 2. c4 g6 3. Nc3 Bg7 4. e4 d6 5. Be2 O-O 6. Nf3 Nbd7 7. O-O e5 8. Be3
Qe7 9. d5 Ng4 10. Bg5 f6 11. Bh4 h5 12. h3 Nh6 13. Ne1 Nf7 14. Nd3 Bh6 15. b4 a6
16. f3 Be3+ 17. Bf2 Bxf2+ 18. Rxf2 f5 19. Rc1 f4 20. c5 g5 21. Na4 g4 22. fxg4
Nf6 23. Bf3 hxg4 24. hxg4 Ng5 25. cxd6 cxd6 26. Qe2 Qh7 27. Nb6 Rb8 28. Rc4 Qh4
29. Nxf4 exf4 30. e5 dxe5 31. Qxe5 Bxg4 32. Qxf4 Rbe8 33. Qd2 Nxf3+ 34. gxf3
Qg3+ 35. Rg2 Re1+ 36. Qxe1 Qxe1+ 37. Kh2 Kg7 38. Rgxg4+ Nxg4+ 39. Rxg4+ Kh6 0-1

[Event "chess.com IoM Masters"]
[Site "Douglas ENG"]
[Date "2016.10.04"]
[Round "4.49"]
[White "Kolbus, Dietmar"]
[Black "Pasini, Nicolo"]
[Result "1/2-1/2"]
[WhiteTitle "IM"]
[WhiteElo "2321"]
[BlackElo "2101"]
[WhiteFideId "4610628"]
[BlackFideId "2809600"]
[EventDate "2016.10.01"]

1. c4 Nf6 2. Nc3 d5 3. cxd5 Nxd5 4. Nf3 g6 5. Qa4+ Nc6 6. Ne5 Qd6 7. Nxc6 Qxc6
8. Qxc6+ bxc6 9. b3 Nb4 10. Kd1 Bg7 11. Bb2 O-O 12. Na4 Bxb2 13. Nxb2 Be6 14.
Kc1 Rfd8 15. d3 Rab8 16. g3 Rd5 17. Nc4 Rf5 18. f4 Bxc4 19. bxc4 Ra5 20. a3 c5
21. Bg2 Rb6 22. Rd1 Rba6 23. Kb2 Nc6 24. e3 Rb6+ 25. Kc2 Rba6 26. Kb2 Rb6+ 27.
Kc2 Rba6 28. Kb2 1/2-1/2

[Event "chess.com IoM Masters"]
[Site "Douglas ENG"]
[Date "2016.10.04"]
[Round "4.50"]
[White "Jackson, James P"]
[Black "Vardan, Nagpal"]
[Result "1-0"]
[WhiteTitle "FM"]
[WhiteElo "2311"]
[BlackElo "2117"]
[WhiteFideId "416860"]
[BlackFideId "25089544"]
[EventDate "2016.10.01"]

1. e4 c5 2. Nf3 e6 3. d4 cxd4 4. Nxd4 a6 5. Bd3 Bc5 6. Nb3 Be7 7. O-O d6 8. Qg4
g6 9. Qe2 Nd7 10. a4 b6 11. Nc3 Bb7 12. Be3 Ngf6 13. Bh6 Ne5 14. h3 Nfd7 15. f4
Nxd3 16. cxd3 Nc5 17. Nd2 d5 18. f5 d4 19. Nd1 gxf5 20. b4 Nd7 21. exf5 e5 22.
Ne4 Nf6 23. Ndf2 Nxe4 24. Nxe4 Qd5 25. Rac1 Kd7 26. Bg7 Rhg8 27. Bf6 Rac8 28.
Bxe7 Kxe7 29. Rxc8 Rxc8 30. Qg4 Qb3 31. Qg7 Bxe4 32. Qxe5+ Kd7 33. Qxe4 Qxb4 34.
Qd5+ Ke8 35. f6 Rd8 36. Qe4+ Kd7 37. Rc1 Qd6 38. Qb7+ Ke8 39. Re1+ Kf8 40. Qe7+
Kg8 41. Qxd6 1-0

[Event "chess.com IoM Masters"]
[Site "Douglas ENG"]
[Date "2016.10.04"]
[Round "4.51"]
[White "Webb, Laurence E"]
[Black "Harari, Zaki"]
[Result "1-0"]
[WhiteTitle "FM"]
[WhiteElo "2280"]
[BlackElo "2061"]
[WhiteFideId "402389"]
[BlackFideId "2002639"]
[EventDate "2016.10.01"]

1. d4 d5 2. Nf3 Nf6 3. c4 e6 4. cxd5 exd5 5. Nc3 Be7 6. Bg5 h6 7. Bh4 O-O 8. Qc2
Be6 9. e3 Nbd7 10. Bd3 c5 11. O-O Rc8 12. Rac1 Re8 13. Rfd1 Qa5 14. dxc5 Nxc5
15. Bf5 Red8 16. Nd4 a6 17. Bd3 Nxd3 18. Qxd3 Qb4 19. Qd2 Ne8 20. Bxe7 Qxe7 21.
Nce2 Nf6 22. Rxc8 Rxc8 23. Rc1 Rxc1+ 24. Qxc1 Qd6 25. Nf4 Bd7 26. a3 Ne8 27. b4
b6 28. Qc3 Nf6 29. f3 Qe5 30. Nde2 Qxc3 31. Nxc3 Bc6 32. Nd3 Nd7 33. Kf2 Kf8 34.
Nf4 Nf6 35. Nfe2 Ke7 36. Nd4 Bd7 37. g4 Kd6 38. h4 Ne8 39. Kg3 g6 40. Kf4 f6 41.
Kg3 Ng7 42. Nce2 Be8 43. f4 Bd7 44. Kf3 Ba4 45. Kg3 Bd7 46. Kf3 Ba4 47. Nc3 Bd7
48. e4 dxe4+ 49. Nxe4+ Ke7 50. g5 fxg5 51. fxg5 hxg5 52. Nxg5 Nf5 53. Nxf5+ Bxf5
54. Kf4 Kf6 55. Ne4+ Ke6 56. Nc3 Bc2 57. Kg5 Ke5 58. Ne2 a5 59. bxa5 bxa5 60.
Nf4 Kd4 61. Nxg6 Bd1 62. Kf4 Bh5 63. Ne5 Kc3 64. Kg5 Be2 65. Ng4 Kb3 66. h5 Kxa3
67. h6 Bd3 68. Ne5 Bh7 69. Kf6 Kb3 70. Kg7 a4 71. Kxh7 a3 72. Nd3 Kc3 73. Kg6
Kxd3 74. h7 Kc2 75. h8=Q Kb1 76. Qb8+ Ka1 77. Qf4 1-0

[Event "chess.com IoM Masters"]
[Site "Douglas ENG"]
[Date "2016.10.04"]
[Round "4.52"]
[White "Sipos, Silvester"]
[Black "Von Meijenfeldt, Bart"]
[Result "0-1"]
[BlackTitle "FM"]
[WhiteElo "2006"]
[BlackElo "2265"]
[WhiteFideId "444260"]
[BlackFideId "1032259"]
[EventDate "2016.10.01"]

1. g3 Nf6 2. Bg2 g6 3. c4 Bg7 4. Nc3 O-O 5. d3 c5 6. e4 Nc6 7. Nge2 a6 8. O-O
Rb8 9. Bf4 d6 10. Qd2 Re8 11. h3 Nd4 12. Be3 Bxh3 13. Nxd4 cxd4 14. Bxd4 Bd7 15.
f3 b5 16. Ne2 e6 17. Rac1 h5 18. Be3 bxc4 19. dxc4 d5 20. e5 Nh7 21. f4 dxc4 22.
Rxc4 Bb5 23. Rd4 Qe7 24. Rd1 f6 25. Rd6 fxe5 26. Rxe6 Qxe6 27. Bd5 Qxd5 28.
Qxd5+ Kh8 29. Nc3 Nf6 30. Qf7 Rf8 31. Qxg6 Be8 32. Qc2 Ng4 33. Bc5 Rf7 34. Nd5
exf4 35. Nxf4 Rc8 36. Qe4 Ne5 37. b4 Bc6 38. Qc2 Kg8 39. Qb3 h4 40. Rd6 hxg3 41.
Qxg3 Re8 42. Qb3 Bb7 43. a4 Ng4 44. Re6 Rxe6 45. Nxe6 Be5 46. Bf2 Rxf2 47. Nc5+
Kg7 48. Nxb7 Bd4 49. Qg3 Rf3+ 50. Kg2 Rxg3+ 51. Kxg3 Nf6 52. Na5 Bb6 53. Nc6 Nd5
54. a5 Bg1 55. Kf3 Kf6 56. Ke4 Nc7 57. Nb8 Ke6 58. Kd3 Kd6 59. Kc4 Bf2 60. Kb3
Ba7 61. Nxa6 Nxa6 62. Kc4 Bg1 63. b5 Nc5 64. Kb4 Be3 65. Kc4 Bf2 66. b6 Kc6 67.
Kb4 Na6+ 68. Kc4 Be1 69. b7 Kxb7 70. Kb5 Bd2 71. Kc4 Kc6 72. Kd4 Be1 73. Kc4 Bf2
74. Kd3 Kd5 75. Ke2 Bc5 76. Kd3 Bb4 77. Ke3 Bc5+ 78. Kd3 Bd4 79. Kd2 Ke4 80. Kc2
Ke3 81. Kb3 Kd3 82. Ka4 Kc4 83. Ka3 Bc3 84. Ka4 Nc5+ 85. Ka3 Bxa5 86. Kb2 Kd3
87. Kc1 Na4 88. Kd1 Nb2+ 89. Kc1 Kc3 90. Kb1 Kb3 91. Kc1 Bb4 92. Kb1 Bd2 93. Ka1
Nc4 94. Kb1 Na3+ 95. Ka1 Bc3# 0-1